<?xml version="1.0" encoding="UTF-8"?>
<collection xmlns="http://www.loc.gov/MARC21/slim">
 <record>
  <leader>00511pamaa2200145   4500</leader>
  <controlfield tag="001">0000021425</controlfield>
  <controlfield tag="005">20061115090000.0</controlfield>
  <datafield tag="020" ind1="0" ind2="0">
   <subfield code="a">0941188191 </subfield>
  </datafield>
  <datafield tag="090" ind1="0" ind2="0">
   <subfield code="a">PS3573.I36 </subfield>
   <subfield code="b">WIE 1995</subfield>
  </datafield>
  <datafield tag="100" ind1="1" ind2="0">
   <subfield code="a">WIESE </subfield>
  </datafield>
  <datafield tag="245" ind1="1" ind2="0">
   <subfield code="a">On the edge of a dream : </subfield>
   <subfield code="b">magic and madness in Bali  </subfield>
   <subfield code="c">Michael Wiese.</subfield>
  </datafield>
  <datafield tag="260" ind1="0" ind2="0">
   <subfield code="a">California: </subfield>
   <subfield code="b">Michael Wiese Productionsc1995.</subfield>
  </datafield>
  <datafield tag="300" ind1=" " ind2=" ">
   <subfield code="a">ix, 325p.: </subfield>
   <subfield code="b">ill.; </subfield>
   <subfield code="c">22cm.</subfield>
  </datafield>
  <datafield tag="650" ind1="0" ind2="0">
   <subfield code="a">Americans -- </subfield>
   <subfield code="x">Travel -- </subfield>
   <subfield code="x">Fiction -- </subfield>
   <subfield code="z">Indonesia -- </subfield>
   <subfield code="z">Bali Island </subfield>
  </datafield>
  <datafield tag="650" ind1="0" ind2="0">
   <subfield code="a">Magic -- </subfield>
   <subfield code="x">Fiction -- </subfield>
   <subfield code="z">Indonesia -- </subfield>
   <subfield code="z">Bali Island </subfield>
  </datafield>
 </record>
</collection>
